The Production of Castings at Gieterij Middleburg : Netherland /

Saved in:
Bibliographic Details
Main Authors: Klapwijk, P.A (Author), Melkert, J (Author), Golka, H.R (Author)
Format: Book
Language:English
Published: New Delhi : India, 1987
Tags: Add Tag
No Tags, Be the first to tag this record!

MARC

LEADER 00000nam a22000003a 4500
001 stu37750
005 20150617225728.8
008 920820s1987----ii------------------eng-d
040 |a STU  |b slo 
041 0 |a eng 
044 |a ii 
100 1 |a Klapwijk, P.A  |4 aut 
245 1 |a The Production of Castings at Gieterij Middleburg :  |b Netherland /  |c [aut.]P.A. Klapwijk, J. Melkert, H.R. Golka 
260 |a New Delhi :  |b India,  |c 1987 
300 |a Nestr 
700 1 |a Melkert, J  |4 aut 
700 1 |a Golka, H.R  |4 aut 
996 |b MB 31  |c M*B-31  |l MMKN  |s A  |a 24  |w stu37750_0001